000 00870cad a22002055a 4500
001 L154897
008 120130e20120128xxk 000 0 eng d
035 _a(Sirsi) u154897
041 0 _aeng
110 2 _aHalifax
_95942
245 0 0 _aBuying is 16% cheaper than renting
_h[electronic resource]
260 _c2011
490 _aHalifax Press Release
_v28 January 2012
520 _aHalifax Buying v Renting Review based on the costs of an average three bedroom property, reveals that it is cheaper to purchase than rent a residential property in the private rented sector by approximately £100 per month.
590 _aKA
651 4 _aUnited Kingdom
_y
690 _aResidential property
_96266
856 4 0 _uhttps://www.lloydsbankinggroup.com/media/pdfs/halifax/2012/2801Buying_renting.pdfzView this item free of charge at www.loydsbankinggroup.com
942 _n0
999 _c83741
_d83741